Normal view
MARC view
- Religious fiction.
Entry Genre/Form Term
001 - CONTROL NUMBER
- control field: 7986
003 - CONTROL NUMBER IDENTIFIER
- control field: NUST
005 - DATE AND TIME OF LATEST TRANSACTION
- control field: 20180103114231.0
008 - FIXED-LENGTH DATA ELEMENTS
- fixed length control field: 180103|| aca||aabn | a|a d
040 ## - CATALOGING SOURCE
- Original cataloging agency: NUST
- Transcribing agency: NUST
155 ## - HEADING--GENRE/FORM TERM
- Genre/form term: Religious fiction.
670 ## - SOURCE DATA FOUND
- Source citation: Work cat.: (NUST)0: Mann, Thomas, 1875-1955. 7983, Joseph the provider,, 1944.
